000 00834nam a2200253Ia 4500
003 OSt
005 20220923213149.0
006 a|||||r|||| 00| 0
007 ta
008 220922b |||||||| |||| 00| 0 hin d
024 _a159,404
037 _cTextual
040 _aARTS
_cARTS
_bhin
041 _2hin
_ahin
082 _aO152,3vN, J6
100 _aव्र्रजरत्नदास
245 0 _aहिन्दी उपन्यास साहित्य
246 _aHindī upanyās sāhitya
260 _aबनारस
_b हिन्दी साहित्य कुटीर
_c1956
300 _a348 पृ.
_ccm.
650 _aहिन्दी साहित्य
_9156264
942 _hO152,3vN, J6
_cTEXL
_2CC
999 _c314151
_d314151